| 000 | 00647nam a22001697a 4500 | ||
|---|---|---|---|
| 999 |
_c15259 _d15259 |
||
| 008 | 200312b ||||| |||| 00| 0 eng d | ||
| 082 |
_22020 _aUT 1472 _bT83 |
||
| 100 |
_aTupiasan, Genalyn _942072 |
||
| 245 |
_aBookkeeping Literacy of Micro Business in Digos City: _bBasis for Bookkeeping Literacy Orientation/ _cGenalyn Tupiasan, Melody M. Adot & Jhiesa F. Laput |
||
| 260 |
_aDIgos City _bUMDC _cFebruary 2020 |
||
| 300 |
_a38 _c30cm |
||
| 650 |
_aAccounting Education _vAccounting _xUndergraduate Thesis _942073 |
||
| 700 |
_aTupiasan, Genalyn _942072 |
||
| 700 |
_aAdot, Melody M. _942074 |
||
| 700 |
_aLaput, Jhiesa F. _942075 |
||
| 942 |
_2ddc _cUT |
||